000 00481nam a22001817a 4500
003 BDDh-ASL
005 20231015031310.0
008 230403s2000 b ||||| |||| 00| 0 eng d
040 _aBDDh-ASL
_cBDDh-ASL
041 _aeng
082 _a297.122
_bGHG
100 1 _aHalali, Shaikh Ghulam Maqsud
_97864
245 1 0 _aGleanings from the Quran /
260 _aDhaka :
_bKhosroze Kitab Mahal,
_c2000.
300 _a88 p. :
_c22 cm.
650 0 _aQuran
_91854
942 _2ddc
_cBK
999 _c31660
_d31660